| 000 | 00699nam a22002177a 4500 | ||
|---|---|---|---|
| 999 |
_c10293 _d10293 |
||
| 001 | 10293 | ||
| 003 | OSt | ||
| 005 | 20180423140351.0 | ||
| 008 | 180423b1991 bg ||||| |||| 00| 0 ben d | ||
| 035 | _a(BD-JhCC)10293 | ||
| 040 |
_aBD-JhCC _dBD-JhCC |
||
| 041 | _aben | ||
| 082 |
_a954.92208 _bDOY 1991 |
||
| 100 | _aড’য়লী, স্যর চার্লস | ||
| 245 |
_aঢাকার প্রাচীন নিদর্শন / _cস্যর চার্লস ড’য়লী |
||
| 260 |
_aঢাকা : _bএকাডেমিক পাবলিশার্স _c1991. |
||
| 300 |
_a100 p. : _c34 cm. |
||
| 650 | _aDhaka, Bangladesh | ||
| 942 |
_2ddc _cBK |
||